000 02876nam a22003137a 4500
999 _c63682
_d63682
003 Ge_BSU
005 20251208184913.0
008 251208s2022 ge ||||| |||| 00| 0 geo d
020 _a9789941980329
041 _ageo
080 _a32(479.22)(092) ჭ-23
100 _aჭანტურიძე, სალომე
_914483
245 _aაკაკი ჩხენკელი, 1874-1959 = Akaki Tchkhenkeli, 1874-1959 :
_b [ალბომი] /
_cავტორები: სალომე ჭანტურიძე, ანტონ ვაჭარაძე; რედაქტორები: ლევან ავალიშვილი, გიორგი კლდიაშვილი, ეკა კალანდაძე; ტექსტის რედაქტორი ესმა მანია; ინგლისური ტექსტის რედაქტორი ქემერონ ფრეზერი; მთარგმნელები: ლუკა ჩიტიანი, სანდრო როჩიკაშვილი; წინასიტყვაობის ავტორები: დოდო ჭუმბურიძე, გოჩა ჯავახიშვილი, გიორგი კლდიაშვილი; დიზაინერი ლაშა მაჭარაშვილი.
264 _aთბილისი,
_c2022.
300 _a188 გვ. :
_bფოტ. ;
_c27 სმ.
700 _aვაჭარაძე, ანტონ
_eავტორი
_918853
700 _aავალიშვილი, ლევან
_eრედაქტორი
_926391
700 _aკლდიაშვილი, გიორგი
_eრედაქტორი, წინასიტყვაობის ავტორი
_926392
700 _aკალანდაძე, ეკა
_eრედაქტორი
_926393
700 _aმანია, ესმა
_eტექსტის რედაქტორი
_924122
700 _aფრეზერი, ქემერონ
_eინგლ. ტექსტის რედაქტორი
_926394
700 _aჩიტიანი, ლუკა
_eმთარგმნელი
_926395
700 _aროჩიკაშვილი, სანდრო
_eმთარგმნელი
_926396
700 _aჭუმბურიძე, დოდო
_eწინასიტყვაობის ავტორი
_917394
700 _aჯავახიშვილი, გოჩა
_eწინასიტყვაობის ავტორი
_926397
700 _aმაჭარაშვილი, ლაშა და სხვ.
_eდიზაინერი
_926398
856 _uhttps://dspace.nplg.gov.ge/bitstream/1234/420252/1/Akaki_Chkhenkeli_1874-1959.pdf
_yელ. ვერსია
942 _2udc
_cᲬᲘᲒᲜᲘ